000 00364nam a2200133Ia 4500
005 20260326235454.0
008 260326s9999||||xx |||||||||||||| ||und||
100 _aHe, Guangsen
245 0 _aOlympic Architecture :
_b Beijing 2008 /
_cGuangsen He
260 _bChina Architecture and Building Press
300 _a314 p.
650 _aARQUITECTURA CIVIL
942 _cBK
999 _c7870
_d7870